<?xml version="1.0" encoding="UTF-8"?>
<marc:record xmlns:marc="http://www.loc.gov/MARC21/slim">
   <marc:leader>00000nam a2200000 a 4500</marc:leader>
   <marc:datafield ind1="1" ind2=" " tag="100">
      <marc:subfield code="a">Bánk, Zsuzsa</marc:subfield>
      <marc:subfield code="4">aut</marc:subfield>
      <marc:subfield code="e">Verfasser/-in</marc:subfield>
   </marc:datafield>
   <marc:datafield ind1="0" ind2="0" tag="245">
      <marc:subfield code="a">Schlafen werden wir später</marc:subfield>
   </marc:datafield>
   <marc:datafield ind1=" " ind2="1" tag="264">
      <marc:subfield code="b">S. Fischer Verlag</marc:subfield>
      <marc:subfield code="c">2017</marc:subfield>
   </marc:datafield>
   <marc:datafield ind1="1" ind2=" " tag="520">
      <marc:subfield code="a">Was fangen wir noch an mit diesem Leben, jetzt, nachdem wir die halbe Strecke schon gegangen sind?
Die Schriftstellerin Márta lebt mit Mann und drei Kindern in einer deutschen Großstadt, die Lehrerin Johanna lebt allein in einem kleinen Ort im Schwarzwald. Eine lange Freundschaft verbindet sie, in E-Mails von großer Tiefe, Offenheit und Emotionalität halten sie engen Kontakt. Was ist gewesen in ihrem Leben – und was wird noch kommen?
</marc:subfield>
   </marc:datafield>
   <marc:datafield ind1=" " ind2=" " tag="020">
      <marc:subfield code="a">9783100052247</marc:subfield>
      <marc:subfield code="9">9783100052247</marc:subfield>
   </marc:datafield>
</marc:record>
